| 000 | 00378cam a2200157ua 4500 | ||
|---|---|---|---|
| 041 |
_aeng _h |
||
| 082 |
_a828.09 _bMUL/SH |
||
| 100 | _aMullik B R , . | ||
| 245 |
_aShakespeare`s marchant of venice / _cMullik. _hTextual Documents |
||
| 250 |
_a1 / _b. |
||
| 260 |
_aDelhi : _bS chand & co , _c1962. |
||
| 300 | _a44 ; . | ||
| 504 | _a | ||
| 942 | _cBK | ||
| 999 |
_c2766 _d2766 |
||